000 00368cam a2200145ua 4500
041 _aeng
_h
082 _a500
_bLEV/BO
100 _aLevin, Lawrence M .
245 0 0 _aBook of popular science /
_cLawrence M Levin.
_hTextual Documents
260 _aNew York :
_bGrolier Incorporated ,
_c1963.
300 _a420 ; .
504 _a
942 _cBK
999 _c8947
_d8947